|
|
|
|
| LEADER |
01585nem a2200349 a 4500 |
| 001 |
001189927 |
| 003 |
CZ BrMZK |
| 005 |
20140702140321.0 |
| 007 |
aj|canzn |
| 008 |
111208s1867 gw d a 0| ger d |
| 034 |
1 |
|
|a a
|b 8000000
|d W1191325
|e W0864651
|f N0312113
|g N0120221
|
| 040 |
|
|
|a BOA001
|b cze
|
| 072 |
|
7 |
|a 912
|x Mapy. Atlasy. Glóby
|9 7
|2 Konspekt
|
| 080 |
|
|
|a 913(721/727)
|2 MRF
|
| 080 |
|
|
|a (084.3)
|2 MRF
|
| 100 |
1 |
|
|a Ravenstein, Ernst Georg,
|d 1834-1912
|7 mzk2012678961
|4 ctg
|
| 245 |
1 |
0 |
|a Mexico
|h [kartografický dokument] /
|c gez. v. E. G. Ravenstein ; Stich v. A. Plath ; Terrain v. G. Dietrich
|
| 255 |
|
|
|a Měřítko 1:8 000 000
|c (119°13´25" z.d.--086°46´51" z.d./031°21´13" s.š.--012°02´21" s.š.)
|
| 260 |
|
|
|a Hildburghausen :
|b Stich, Druck u. Verlag des Bibliographischen Instituts,
|c [1867?]
|
| 300 |
|
|
|a 1 mapa :
|b barev. ;
|c 33 x 42 cm, na listu 39 x 50 cm
|
| 500 |
|
|
|a Na rubu údaj o ceně (20 kr.)
|5 CZ-BrMZK
|
| 505 |
2 |
0 |
|t Projectierte Honduras Eisenbahn.
|g 1:2 000 000 --
|t Umgebung von Mexico.
|g 1:400 000 --
|t Rhede von Vera-Cruz.
|g 1:400 000
|
| 655 |
|
7 |
|a politické a správní mapy
|7 fd133032
|2 czenas
|
| 651 |
|
7 |
|a Mexiko
|7 ge128515
|2 czenas
|
| 700 |
1 |
|
|a Plath, A.
|4 egr
|
| 700 |
1 |
|
|a Dietrich, G.
|4 egr
|
| 787 |
0 |
8 |
|i Samostatná mapa publikovaná v atlase:
|t Meyer's Hand-Atlas
|
| 710 |
2 |
|
|a Bibliographisches Institut Leipzig
|7 kn20021223005
|4 egr
|4 prt
|4 pbl
|
| 856 |
4 |
1 |
|u http://www.digitalniknihovna.cz/mzk/uuid/uuid:e71993bd-ff96-4f5d-b72b-0f28abe8ecd2
|y Digitalizovaný dokument
|
| 910 |
|
|
|a BOA001
|b Mpa-1269.098
|
| 990 |
|
|
|a MP
|
| 991 |
|
|
|b 201201
|